000 00422nam a2200157Ia 4500
008 240729s9999 xx 000 0 und d
022 _a2204-2091
245 0 _aPublic Health Research & Practice
260 _aAustralia
260 _bSax Institute
650 _a Public aspects of medicine
650 _aMedicine
856 _uhttps://doaj.org/toc/3622625829894b388be3e0fec7253cbe
942 _2ddc
942 _cDOAJEJ
999 _c65598
_d65598
945 _a1
_bMadushi Gamage
_c1
_dMadushi Gamage